000 00933nam a22002777a 4500
005 20201128021124.0
008 141111t2013 xxua frbd 001 0 eng d
020 _a9780071324489
020 _a0071324488
040 _aEG-ScBUE
082 0 0 _222
_a657.044
_bINT
245 0 0 _aIntermediate accounting /
_cJ. David Spiceland ... [et al.]
250 _aIFRS ed.,
_bglobal ed.
260 _aNew York, United States :
_bMcGraw-Hill / Irwin,
_cc.2013
_e(Singapore)
300 _a[Various pagings] :
_bill. (col.) ;
_c28 cm.
500 _aIncludes appendixes.
500 _aIncludes glossary.
500 _aIncludes index.
500 _aIncludes : education sample ; ISBN 9781259011870, 1259011879.
504 _aIncludes bibliographical references.
650 0 _99036
_aAccounting
653 _bBUSADM
_cNovember2014
655 _vreading book
_934232
700 1 _91089
_aSpiceland, J. David,
_d1949-
942 _2ddc
_k657.044 INT
999 _c18596
_d18568